| 000 | 00510cam a2200157 4500500 | ||
|---|---|---|---|
| 005 | 20260329003941.0 | ||
| 041 | _afre | ||
| 042 | _adc | ||
| 245 | 0 | 0 | _aUne histoire mondiale du communisme, tomeĀ 3: Les complices |
| 260 | _c2017. | ||
| 500 | _a1 | ||
| 690 | _aCommunisme | ||
| 690 | _aMichel Eltchaninoff | ||
| 786 | 0 | _nPhilosophie magazine | 112 | 9 | 2017-09-01 | p. 57-57 | 1951-1787 | |
| 856 | 4 | 1 | _uhttps://shs.cairn.info/magazine-philosophie-magazine-2017-9-page-57?lang=fr&redirect-ssocas=7080 |
| 999 |
_c1829224 _d1829224 |
||